<?xml version="1.0" encoding="UTF-8"?>
<collection xmlns="http://www.loc.gov/MARC21/slim">
 <record>
  <leader>01140nam a22002057a 4500</leader>
  <controlfield tag="001">NCT_96520</controlfield>
  <controlfield tag="008">220304b        xxu||||| |||| 00| 0 vie d</controlfield>
  <datafield tag="999" ind1=" " ind2=" ">
   <subfield code="c">4801</subfield>
   <subfield code="d">4801</subfield>
  </datafield>
  <datafield tag="020" ind1=" " ind2=" ">
   <subfield code="a">9786045856703</subfield>
   <subfield code="c">198000</subfield>
  </datafield>
  <datafield tag="082" ind1="0" ind2="4">
   <subfield code="2">23rd ed.</subfield>
   <subfield code="a">428.24</subfield>
   <subfield code="b">Th552H</subfield>
  </datafield>
  <datafield tag="245" ind1="0" ind2="0">
   <subfield code="a">Thực hành phiên dịch Anh - Việt Việt - Anh</subfield>
   <subfield code="c">Nguyễn Thành Yến (Biên dịch)</subfield>
  </datafield>
  <datafield tag="250" ind1=" " ind2=" ">
   <subfield code="a">Tái bản</subfield>
  </datafield>
  <datafield tag="260" ind1=" " ind2=" ">
   <subfield code="a">Tp. Hồ Chí Minh</subfield>
   <subfield code="b">Tổng hợp Tp. Hồ Chí Minh</subfield>
   <subfield code="c">2016</subfield>
  </datafield>
  <datafield tag="300" ind1=" " ind2=" ">
   <subfield code="a">363 tr.</subfield>
   <subfield code="b">Minh họa</subfield>
   <subfield code="c">21cm</subfield>
   <subfield code="e">1 CD - ROM</subfield>
  </datafield>
  <datafield tag="520" ind1="3" ind2=" ">
   <subfield code="a">Giới thiệu khái quát về công tác phiên dịch, những tình huống trong phiên dịch, thực hành phiên dịch, phiên dich đồng thời từ tiếng Anh sang tiếng Việt và từ tiếng Việt sang tiếng Anh.</subfield>
  </datafield>
  <datafield tag="653" ind1=" " ind2=" ">
   <subfield code="a">Ngôn ngữ Anh</subfield>
  </datafield>
  <datafield tag="700" ind1="1" ind2=" ">
   <subfield code="a">Nguyễn Thành Yến </subfield>
   <subfield code="e">Biên dịch</subfield>
  </datafield>
  <datafield tag="942" ind1=" " ind2=" ">
   <subfield code="2">ddc</subfield>
   <subfield code="c">BK</subfield>
  </datafield>
  <datafield tag="952" ind1=" " ind2=" ">
   <subfield code="0">0</subfield>
   <subfield code="1">0</subfield>
   <subfield code="2">ddc</subfield>
   <subfield code="4">0</subfield>
   <subfield code="6">428_240000000000000_TH552H</subfield>
   <subfield code="7">0</subfield>
   <subfield code="9">22213</subfield>
   <subfield code="a">000001</subfield>
   <subfield code="b">000001</subfield>
   <subfield code="d">2022-03-04</subfield>
   <subfield code="o">428.24 Th552H</subfield>
   <subfield code="p">MD.19257</subfield>
   <subfield code="r">2022-03-04</subfield>
   <subfield code="v">198000.00</subfield>
   <subfield code="w">2022-03-04</subfield>
   <subfield code="y">BK</subfield>
  </datafield>
  <datafield tag="980" ind1=" " ind2=" ">
   <subfield code="a">Thư viện Trường Đại học Nam Cần Thơ</subfield>
  </datafield>
 </record>
</collection>
